| 000 | 00901nam a2200289 a 4500 | ||
|---|---|---|---|
| 001 | vtls001808916 | ||
| 003 | NLI | ||
| 005 | 20210629050239.0 | ||
| 008 | 140215n ii f 000 0 eng | ||
| 039 | 9 |
_y201402152328 _zVLOAD |
|
| 040 |
_a NLI _b eng _c Entertech IMP - 2013 _e AACR2 |
||
| 041 | 0 | _aeng | |
| 044 | _aii | ||
| 082 | _a165 | ||
| 100 | 1 |
_aAtkinson, George Francklin _91143547 |
|
| 245 | 1 | 0 |
_aCurry & rice on forty plates : _bor, the ingredients of social life at our station in India / _cGeorge Francklin Atkinson |
| 250 | _a2nd ed. | ||
| 260 |
_aLondon : _bDay, _cn. d |
||
| 300 |
_a[90] p. : _b39 col. plates ; _c29x20 cm. |
||
| 500 | _aAdded t. p. (illus.) in colours | ||
| 651 | 0 |
_aIndia _xHistory _yBritish occupation, 1765-1947 |
|
| 887 | _a | ||
| 901 | _aIMP60676 | ||
| 902 | _a165 B.38. | ||
| 949 |
_AVIRTUAITEM _D10000 _X100 _6IMP000060676ENG |
||
| 942 |
_2ddc _cBKS |
||
| 999 |
_c1240586 _d1240586 |
||